| 000 | 00750nam a2200181Ia 4500 | ||
|---|---|---|---|
| 008 | 100920s9999 xx 000 0 und d | ||
| 082 |
_b60975 _a61 थ 69 |
||
| 100 | _aसोहोनी श्री. वि. | ||
| 245 | _aरेडिओ रचना आणि कार्य. | ||
| 260 |
_bमहाराष्ट्र राज्य साहित्य आणि संस्कृति मंडळ,मंुबई. _c1969 |
||
| 300 |
_a411 _bसाधी |
||
| 365 | _b60 | ||
| 520 | _aस्थानिक वाचन. | ||
| 630 | _aरेडिओ रचना आणि कार्य. | ||
| 650 | _aस्थानिक वाचन. | ||
| 730 | _aरेडिओ रचना आणि कार्य. | ||
| 942 | _cBOOK | ||
| 999 |
_c704214 _d704211 |
||